000 00421nam a2200157Ia 4500
008 240729s9999 xx 000 0 und d
022 _a2636-8692
245 0 _aJournal of Mathematical Sciences and Modelling
260 _aTürkiye
260 _bMahmut Akyigit
650 _a Mathematics
650 _aScience
856 _uhttps://doaj.org/toc/4f68bed97fb4434ab645fde4d0448cbb
942 _2ddc
942 _cDOAJEJ
999 _c74826
_d74826
945 _a1
_bMadushi Gamage
_c1
_dMadushi Gamage